|
|
|
|
| LEADER |
00000nab a2200000 a 4500 |
| 001 |
vtls009947117 |
| 003 |
SK-MaSNL |
| 005 |
20260304172916.0 |
| 008 |
250526c2009 xo |||||||||||000 b|slo |
| 015 |
|
|
|a SNBRB2009/09
|2 snkbucl
|
| 035 |
|
|
|a urn:nbn:sk:snk-ab857z
|
| 035 |
|
|
|a (urnnbn)urn:nbn:sk:snk:ar-006az9
|
| 035 |
|
|
|a (uuid)a0c3d015-f280-46d6-9420-a6214cbe9491
|
| 038 |
|
|
|a SNKBUCL
|
| 040 |
|
|
|a SNKBUCL
|b slo
|c SNKBUCL
|e AACR2
|
| 041 |
0 |
|
|a slo
|
| 044 |
|
|
|a xo
|c SK
|
| 080 |
|
|
|a 636-051
|2 1997
|
| 080 |
|
|
|a 929 Križan, Pavol
|2 1997
|
| 245 |
0 |
0 |
|a Ing. Pavol Križan, CSc.
|c [autor] Redakcia
|
| 300 |
|
|
|b Fotogr.
|
| 600 |
1 |
7 |
|a Križan, Pavol,
|d 1939-
|2 snkbucl
|9 19153
|
| 773 |
0 |
|
|t Les & Letokruhy
|g Roč. 65/8, č. 7-8 (2009), s. 51
|x 1337-088X
|
| 850 |
|
|
|a Slovenská národná knižnica
|
| 852 |
|
|
|a Slovenská národná knižnica
|
| 954 |
|
|
|a odborná, vedecká literatúra pôvodná (slovenská)
|2 lita
|
| 958 |
|
|
|a ONDV
|
| 958 |
|
|
|a article9
|
| 958 |
|
|
|a SK
|
| 958 |
|
|
|a BX
|
| 999 |
|
|
|c 3000672
|d 3002602
|